Obálka Náhled e-knihy:
PDF Epub
Pro půjčování e-knih musíte být přihlášeni.
Jak si půjčit online?

Opraváři času /

Začátek sci-fi série o cestách časem. Vydejte se s Mirkem a Majou za dobrodružstvím, které nezná hranice času a prostoru.

Uloženo v:
Série:Opraváři času, část 1
Hlavní autor: Reviláková, Naďa, 1978- (Autor)
Další autoři: Perkof, Natalie, 1979- (Autor)
Médium: E-kniha
Jazyk:Czech
Vydáno: Praha : Dobrovský s.r.o., 2024
Edice:Drobek
Témata:
Příbuzné jednotky:Z cyklu:: Opraváři času
Tagy:
Žádné tagy
LEADER 02468nam a2200481 i 4500
001 312420
003 CZ PrSKC
005 20260601215722.0
007 ta
008 240530s2024 xr a c 000 j cze
015 |a cnb003568496 
020 |a 9788027741717  |q (vázáno) 
035 |a (OCoLC)1459785982 
040 |a ABG001  |b cze  |e rda 
072 7 |a 821.162.3-3  |x Česká próza  |2 Konspekt 
072 7 |a 821-93  |x Literatura pro děti a mládež (beletrie)  |2 Konspekt 
080 |a 821.162.3-32  |2 MRF 
080 |a 821-93  |2 MRF 
080 |a (0:82-321.9)  |2 MRF 
100 1 |a Reviláková, Naďa,  |d 1978-  |7 xx0247069  |4 aut 
245 1 0 |a Opraváři času /  |c Naďa Reviláková ; ilustrace Natalie Perkof 
264 1 |a Praha :  |b Dobrovský s.r.o.,  |c 2024 
300 |a 198 stran :  |b ilustrace ;  |c 21 cm 
336 |a text  |b txt  |2 rdacontent 
337 |a bez média  |b n  |2 rdamedia 
338 |a svazek  |b nc  |2 rdacarrier 
490 1 |a Drobek 
500 |a Na hřbetu označení: 1 
520 2 |a Začátek sci-fi série o cestách časem. Vydejte se s Mirkem a Majou za dobrodružstvím, které nezná hranice času a prostoru.  |b Ocitnout se v nesprávné chvíli na nesprávném místě může znamenat osudovou chybu, kterou už nejde vrátit. To však neplatí, pokud ovládáte cestování časem. Jenže cestování v čase není tak jednoduché. Cestovatelé totiž musí dodržet základní pravidlo: za žádnou cenu neměnit minulost. Jinak riskujete, že vám budou v patách opraváři času. Nakladatelská anotace. Kráceno. 
655 7 |a české příběhy  |7 fd133973  |2 czenas 
655 7 |a vědecko-fantastické příběhy  |7 fd133358  |2 czenas 
655 7 |a publikace pro děti  |7 fd133156  |2 czenas 
655 9 |a Czech stories  |2 eczenas 
655 9 |a science fiction stories  |2 eczenas 
655 9 |a children's literature  |2 eczenas 
700 1 |a Perkof, Natalie,  |d 1979-  |7 js20060120081  |4 ill 
787 0 8 |i Z cyklu:  |t Opraváři času  |g 1 
830 0 |a Drobek 
900 |a ABA001  |b 20 
044 |a xr 
910 |a RBIT002 
998 |d 406262  |a https://core.palmknihy.cz/api/books/406262/cover?selg9p  |b https://core.palmknihy.cz/api/books/406262/cover/400?selg9p  |c https://core.palmknihy.cz/api/books/406262/cover/50?selg9p  |e 2034-05-22  |g 200  |i 9788027741717  |j https://core.palmknihy.cz/api/books/406262/preview.epub  |k https://core.palmknihy.cz/api/books/406262/preview.pdf  |l   |q 49  |r 1  |s https://www.palmknihy.cz/kniha/406262  |t ebook  |y 2024  |z 0  |v Opraváři času  |w 1 
999 |d 312418